Skoki Narciarskie - Najlepsi Norwedzy w PŚ w XXI wieku - Statystyki

Ogólne statystyki
  • Ten quiz został rozwiązany 130 razy
  • Średni wynik to 17 z 25
Statystyki odpowiedzi
Sezon Zawodnik % Poprawnych
2020/21 Halvor Egner Granerud
93%
2022/23 Halvor Egner Granerud
93%
2023/24 Johann Andre Forfang
90%
2024/25 Johann Andre Forfang
90%
2019/20 Marius Lindvik
84%
2021/22 Marius Lindvik
84%
2018/19 Robert Johansson
84%
2016/17 Daniel-Andre Tande
80%
2017/18 Daniel-Andre Tande
80%
2011/12 Anders Bardal
78%
2012/13 Anders Bardal
78%
2013/14 Anders Bardal
78%
2006/07 Anders Jacobsen
64%
2008/09 Anders Jacobsen
64%
2009/10 Anders Jacobsen
64%
2014/15 Anders Fannemel
56%
2001/02 Roar Ljokelsoy
48%
2002/03 Roar Ljokelsoy
48%
2003/04 Roar Ljokelsoy
48%
2004/05 Roar Ljokelsoy
48%
2005/06 Roar Ljokelsoy
48%
2007/08 Tom Hilde
48%
2010/11 Tom Hilde
48%
2015/16 Kenneth Gangnes
45%
2000/01 Tommy Ingebrigtsen
23%
Nie znaleziono quizów pasujących do podanych kryteriów
Rozkład punktacji
Procent ludzi z każdym wynikiem
Percentyl według liczby udzielonych odpowiedzi
Twoja historia wyników
Nie rozwiązałeś tego quizu